Λεξικολογική διάρθρωσις : ολόκληρου του κώδικος δημοσίων υπαλλήλων
Αποθηκεύτηκε σε:
| Κύριος συγγραφέας: | |
|---|---|
| Μορφή: | Βιβλίο |
| Γλώσσα: | Greek |
| Δημοσίευση: |
Εν Αθήναις :
Τύποις Ε. Τσινίκα Σκουλένιου,
[1951]
|
| Θέματα: | |
| Ετικέτες: |
Προσθήκη ετικέτας
Δεν υπάρχουν, Καταχωρήστε ετικέτα πρώτοι!
|
MARC
| LEADER | 00000cam a2200000 i 4500 | ||
|---|---|---|---|
| 001 | 1/66278 | ||
| 008 | 150206s1951 gre d | ||
| 035 | |l 10120948 | ||
| 040 | |a GR-MY-UA |b gre |e aacr | ||
| 041 | 0 | |a gre | |
| 082 | 0 | |a 340.09495 |2 (23) | |
| 100 | 1 | |a Ρηγόπουλος, Θεόδωρος Π. | |
| 245 | 1 | 0 | |a Λεξικολογική διάρθρωσις : |b ολόκληρου του κώδικος δημοσίων υπαλλήλων |
| 260 | |a Εν Αθήναις : |b Τύποις Ε. Τσινίκα Σκουλένιου, |c [1951] | ||
| 300 | |a 104 σ.; |c 18 εκ. | ||
| 500 | |a Στο εξώφυλλο σφραγίδα "Πορφυριάς Αστική Σχολή Σάμου Εν Καρλοβασίω". | ||
| 650 | 0 | 0 | |a Law |z Greece |x History |y 19th century. |
| 650 | 0 | 0 | |a Legislation |z Greece. |
| 852 | |a INST |b SAMOS |c PORFYRIADA |e 20150206 |h 340.09495 ΡΗΓ |p 005300041603 |q 005300041603 |t NOLOAN |y 23 | ||
| 901 | |a BIBL3-2015-1 | ||
| 909 | |a Σ |b 186119 | ||
| 970 | |a ΣΙΤΖΙΜΗ |b ΓΙΑΣΕΜΗ |z 2015/02/06 | ||